الصائبة / (رقم التسجيلة. 57456)

تفاصيل مارك
000 -LEADER
fixed length control field 00410nam a22001577a 4500
005 - DATE AND TIME OF LATEST TRANSACTION
control field 20251108171131.0
008 - FIXED-LENGTH DATA ELEMENTS--GENERAL INFORMATION
fixed length control field 250721s1983 xx 000 0 ara d
082 14 - DEWEY DECIMAL CLASSIFICATION NUMBER
Classification number 295/غضب
100 1# - MAIN ENTRY--PERSONAL NAME
Personal name الناشي، غضبان روحي عكله
245 10 - TITLE STATEMENT
Title الصائبة /
264 1# - PRODUCTION, PUBLICATION, DISTRIBUTION, MANUFACTURE, AND COPYRIGHT NOTICE
Place of production, publication, distribution, manufacture بغداد :
Name of producer, publisher, distributor, manufacturer المؤلف،
Date of production, publication, distribution, manufacture, or copyright notice 1983.
300 ## - PHYSICAL DESCRIPTION
Extent 207ص
650 17 - SUBJECT ADDED ENTRY--TOPICAL TERM
Topical term or geographic name as entry element الصائبة
942 ## - ADDED ENTRY ELEMENTS (KOHA)
Source of classification or shelving scheme Dewey Decimal Classification
Koha item type كتب
المقتنيات
حالة السحب حالة الفقدان مصدر التصنيف حالة التلف غير قابل للإعارة المكتبة الرئيسية المكتبة الحالية موقع الرف تاريخ التزويد الرقم المتسلسل Total Checkouts رقم الإستدعاء تاريخ آخر ظهور تاريخ الفاتورة نوع المادة (كوها)
    Dewey Decimal Classification Unchecked   مكتبة الحسن العامة مكتبة الحسن العامة الإعارة 06/07/2004 2936   295/غضب 28/07/2025 06/07/2004 كتب
Implemented & Customized by: BBB with SCIT (Smart Chains for Information Technology)

Powered by Koha